| 000 | 00939nas a2200313 4500 | ||
|---|---|---|---|
| 001 | BR2012000619 | ||
| 003 | BR-BrBNA | ||
| 005 | 20231205120045.0 | ||
| 007 | ta | ||
| 008 | 230509b bl.|||p| |||| 00| 00por d | ||
| 040 |
_aBR-BrBNA _bpor _cBiblioteca Nacional de Agricultura |
||
| 041 | _a(Pt) | ||
| 072 | _aQ03 | ||
| 100 | 1 | _aBiondo, A. | |
| 100 | 1 | _aWollheim, C, | |
| 100 | 1 | _aSieviero, J. | |
| 100 | 1 | _aPetrini, L.A. | |
| 100 | 1 | _aRicalde, S.R. | |
| 245 | 1 | _aHigiene dos manipuladores de alimentos de uma empresa de refieções coletivas em Caxias do Sul, RS | |
| 650 | _aHIGIENE | ||
| 650 | _aCONTAMINAÇÃO | ||
| 650 | _aSEGURANÇA ALIMENTAR | ||
| 650 | _aNUTRIÇÃO | ||
| 650 | _aLEGISLAÇÃO | ||
| 650 | _aRIO GRANDE DO SUL | ||
| 773 | 0 |
_tHigiene Alimentar (Brazil) _xISSN 0101-9171 _g(Jul-Aug 2011), v. 25(198-199) p. 139-144 _wBR2012000619 |
|
| 909 |
_a202311 _bLúcia _c55 _dLúcia Elande |
||
| 942 |
_2AGRIS _n0 _cANA |
||
| 999 |
_c216870 _d216870 |
||